000 01963nam1a2200313 i 4500
001 RU\NLR\BIBL_A\012771084
005 20260407110055.0
035 _a(NLR Aleph) 012771084
090 _a13092852
_c13092852
100 _a20220303g20219999k y0rusy50 ca
101 0 _arus
102 _aRU
105 _a||||z||||||||
181 0 _ai
_baxxe
182 0 _an
200 1 _aПраво и общество в условиях глобализации: перспективы развития
_eсборник научных трудов
_fМинистерство науки и высшего образования Российской Федерации, ФГБОУ ВО "Саратовский государственный технический университет имени Гагарина Ю.А."
_gпод редакцией кандидата юридических наук В.В. Бехер, кандидата юридических наук Н.Н. Лайченковой
203 _aТекст
_bвизуальный
_cнепосредственный
210 _aСаратов
_cСаратовский источник
_d2021
215 _d21
606 1 _aПраво и общество
_jСъезды, совещания и т.п
_92361346
_3RU\NLR\AUTH\661410064
606 1 _aПраво
_jСъезды, совещания и т.п
_yРоссийская Федерация
_92070216
_3RU\NLR\AUTH\661244932
686 1 _aХ062.001я431
686 1 _aХ62я431
702 1 _aБехер
_bВ. В.
_gВероника Виссарионовна
_4340
712 0 2 _4557
_aСаратовский государственный технический университет
_3RU\NLR\AUTH\889937781
_9370375
852 _aNLR
_j2022-3/5420
942 _cBOOK